000 00929nas a2200277 4500
001 BR2013010441
003 BR-BrBNA
005 20231205123440.0
007 ta
008 230509b bl.|||p| |||| 00| 00por d
040 _aBR-BrBNA
_bpor
_cBiblioteca Nacional de Agricultura
041 _a(Pt)
072 _aQ02; Q04
100 1 _aAlmeida, E.C.
100 1 _aBora, P.S.
100 1 _aZárate, N.A.H.
245 1 _aAmido nativo e modificado de taro( Colocasia esculenta L. Schott): Caracterização química, morfológica e propriedades de pasta
650 _aTARO
650 _aPROCESSAMENTO
650 _aAMIDO
650 _aPROPRIEDADE FÍSICO-QUÍMICA
650 _aINDÚSTRIA ALIMENTÍCIA
773 0 _tBoletim do Centro de Pesquisa e Processamento de Alimentos (Brazil)
_xISSN 0102-0323
_g(Jan-Jun 2013), v. 31(1) p. 67-82
_wBR2013010441
909 _a202311
_bLúcia
_c55
_dLúcia Elande
942 _2AGRIS
_n0
_cANA
999 _c233926
_d233926